Logo Biblioteca

El hombre del lago / (Registro nro. 483)

Detalles MARC
000 -LEADER
fixed length control field 01127nam a22002057a 4500
003 - CONTROL NUMBER IDENTIFIER
control field OSt
005 - DATE AND TIME OF LATEST TRANSACTION
control field 20250624110119.0
008 - FIXED-LENGTH DATA ELEMENTS--GENERAL INFORMATION
fixed length control field 250514s2004 sp ||||| |||| 00| 1 spa d
020 ## - INTERNATIONAL STANDARD BOOK NUMBER
International Standard Book Number 9788498678482
040 ## - CATALOGING SOURCE
Transcribing agency ost
100 0# - MAIN ENTRY--PERSONAL NAME
Personal name Arnaldur Indriðason,
Dates associated with a name 1961-
245 13 - TITLE STATEMENT
Title El hombre del lago /
Statement of responsibility, etc. Arnaldur Indridason ; traducción de Enrique Bernárdez
250 ## - EDITION STATEMENT
Edition statement 1a ed.
260 ## - PUBLICATION, DISTRIBUTION, ETC.
Place of publication, distribution, etc. Barcelona :
Name of publisher, distributor, etc. RBA,
Date of publication, distribution, etc. 2010
300 ## - PHYSICAL DESCRIPTION
Extent 349 p.
490 0# - SERIES STATEMENT
Series statement Serie negra
520 ## - SUMMARY, ETC.
Summary, etc. El nivel del lago Kleifarvatn ha bajado tras un terremoto y dejado al descubierto un esqueleto con un agujero en el cráneo. A modo de lastre, el cadáver lleva atada una vieja radio rusa. El inspector Erlendur, que se encarga del caso, empieza a conectar las diferentes pistas existentes: un vendedor desaparecido muchos años atrás y un grupo de estudiantes idealistas que marchó a estudiar a Leipzig en la era comunista. Los misterios y los errores del pasado enterrados desde hace tiempo empiezan a aflorar tras el bramido de la tierra islandesa. [Nota de contratapa]
650 #4 - SUBJECT ADDED ENTRY--TOPICAL TERM
Topical term or geographic name entry element Literatura islandesa
Form subdivision Novela
Chronological subdivision Siglo XXI
942 ## - ADDED ENTRY ELEMENTS (KOHA)
Source of classification or shelving scheme Universal Decimal Classification
Koha item type Obra General
Suppress in OPAC No
Existencias
Withdrawn status Lost status Source of classification or shelving scheme Damaged status Not for loan Collection Home library Current library Date acquired Total checkouts Full call number Barcode Date last seen Price effective from Koha item type
    Universal Decimal Classification     Colección Nélida Perona Biblioteca Escuela de Ciencias Sociales Biblioteca Escuela de Ciencias Sociales 14/05/2025   82-312.4(491.1) A743 001370 14/05/2025 14/05/2025 Obra General
Biblioteca de la Escuela Preuniversitaria en Ciencias Sociales y Humanísticas.
Riobamba 250 bis.
CP 2000 - Rosario - Santa Fe
E-Mail: biblioteca@esociales.unr.edu.ar